[Event "Yerevan ol (Men)"]
[Site "Yerevan"]
[Date "1996.??.??"]
[Round "7"]
[White "Huebner, Robert"]
[Black "Irzhanov, Ruslan"]
[Result "1/2-1/2"]
[WhiteElo "2595"]
[BlackElo "2535"]

1.d4 Nf6 2.Nf3 g6 3.g3 Bg7 4.Bg2 O-O 5.c4 d6 6.O-O Nc6 7.Nc3 e5 8.d5 Ne7
9.c5 Ne8 10.cxd6 Nxd6 11.e4 c6 12.dxc6 Nxc6 13.Bg5 Bf6 14.Be3 Nc4 15.Bc5 Be7
16.Bxe7 Qxe7 17.Nd5 Qd8 18.Nd2 Nd6 19.Nb3 Be6 20.f4 exf4 21.Rxf4 Bxd5 22.exd5 Qb6+
23.Kh1 Ne5 24.Qd4 Qxd4 25.Nxd4 Rac8 26.Rd1 Kg7 27.Bf1 a6 28.Re1 Rce8 29.Ne6+ fxe6
30.Rxe5 Rxf4 31.gxf4 Kf6 32.Bd3 exd5 33.Rxd5 Re1+ 34.Kg2 Ke7 35.Kf3 Rd1 36.Re5+ Kf6
37.Bc2 Rf1+ 38.Kg3 Nf5+ 39.Bxf5 gxf5 40.Rd5 Rg1+ 41.Kf2 Rc1 42.Rd6+ Ke7 43.Rb6 Rc7
44.Ke3 Rd7 45.h4 Kd8 46.Rf6 Re7+ 47.Kd3 Rd7+ 48.Kc3 Rc7+ 49.Kb3 Rc5 50.Rf7 b5
51.h5 Rc4 52.Rxf5 Ke7 53.a3 h6 54.Ka2 Ke6 55.Rf8 Rc5 56.Ra8 Rc6 57.Kb3 Kf5
58.Rg8 a5 59.Rb8 Rc5 60.Rb6 Kxf4 61.Rxh6 Kg5 62.Ra6 a4+ 63.Kb4 Rc2 64.Kxb5 Rxb2+
65.Kxa4 Kxh5 66.Rf6 Kg5 67.Rf1 Rb8 68.Ka5 Ra8+ 69.Kb4 Rb8+ 70.Kc5 Ra8 71.Ra1 Kf6
72.a4 Ke7 73.Kc6 Rc8+ 74.Kb6 Rc2 75.Rd1 Rb2+ 76.Ka6 Rb4 77.a5 Rb2 78.Ka7 Rb5
79.a6 Rb2 80.Rh1 Kd7 81.Rh7+ Kc8 82.Rb7 Rc2  1/2-1/2

[Event "Yerevan ol (Women)"]
[Site "Yerevan"]
[Date "1996.??.??"]
[Round "8"]
[White "Gurieli, Nino"]
[Black "Lakos, Nikoletta"]
[Result "1-0"]
[WhiteElo "2370"]
[BlackElo "2280"]

1.d4 Nf6 2.Nf3 g6 3.c4 Bg7 4.g3 O-O 5.Bg2 d6 6.O-O Nc6 7.Nc3 a6 8.e3 Rb8
9.Qe2 b5 10.Rd1 Nd7 11.d5 Na7 12.Nd4 b4 13.Ne4 Ne5 14.a3 c5 15.dxc6 Qc7 16.axb4 Rxb4
17.Nc3 e6 18.b3 Nexc6 19.Qc2 Nxd4 20.exd4 Nc6 21.Ba3 Rb8 22.Ne2 Rd8 23.Rac1 Nb4
24.Qd2 a5 25.Nc3 Ba6 26.d5 e5 27.c5 Qxc5 28.Na2 Qb5 29.Bxb4 axb4 30.Bf1 Qa5
31.Bxa6 Qxa6 32.Nxb4 Qa5 33.Nc6 Qxd2 34.Rxd2 Bh6 35.f4 exf4 36.Rd3 fxg3 37.Rf1 gxh2+
38.Kxh2 Re8 39.Nxb8 Rxb8 40.Kg3 Bg7 41.Rc1 Be5+ 42.Kf3 Bg7 43.Rc4 h5 44.b4 f5
45.Rb3 Kf7 46.b5 Bf6 47.b6 Bd8 48.Rc6 Ke7 49.Re3+ Kd7 50.Re6 Be7 51.Rxg6  1-0

[Event "Yerevan ol (Men)"]
[Site "Yerevan"]
[Date "1996.??.??"]
[Round "8"]
[White "Heim, Sverre"]
[Black "Itkis, Boris"]
[Result "0-1"]
[WhiteElo "2410"]
[BlackElo "2470"]

1.d4 Nf6 2.c4 g6 3.g3 Bg7 4.Bg2 O-O 5.Nf3 d6 6.O-O Nbd7 7.Nc3 e5 8.e4 exd4
9.Nxd4 Re8 10.h3 a6 11.Re1 Rb8 12.Rb1 Ne5 13.b3 c5 14.Nf3 Nxf3+ 15.Qxf3 b5
16.Bf4 Nh5 17.Bd2 Be6 18.Qd3 Qc8 19.Kh2 Bd4 20.Rf1 bxc4 21.bxc4 Rxb1 22.Nxb1 f5
23.Nc3 Nf6 24.f3 fxe4 25.fxe4 Nd7 26.Nd5 Bxd5 27.exd5 Ne5 28.Qc2 Qd7 29.Bf4 Nf7
30.Bf3 Qe7 31.Bg4 Kg7 32.h4 Be5 33.Qd2 Bxf4 34.Qxf4 Ne5 35.Kh3 h5 36.Be2 Rb8
37.Qc1 a5 38.Rf2 a4 39.Kg2 Rb4 40.Bf1 Ng4 41.Re2 Qf6 42.Qe1 Rb2 43.Rxb2 Qxb2+
44.Qe2 a3 45.Kg1 Ne5 46.Kh1 Qxe2 47.Bxe2 Kf6 48.Kg2 Kf5 49.g4+ hxg4 50.Kg3 Ke4
51.Bxg4 Kd3  0-1

[Event "Yerevan ol (Men)"]
[Site "Yerevan"]
[Date "1996.??.??"]
[Round "8"]
[White "Kurajica, Bojan"]
[Black "Dzuban, Oleg I"]
[Result "1/2-1/2"]
[WhiteElo "2490"]
[BlackElo "2425"]

1.d4 Nf6 2.Nf3 g6 3.g3 Bg7 4.Bg2 O-O 5.c4 d6 6.O-O Nbd7 7.Nc3 e5 8.e4 c6
9.b3 Re8 10.h3 a6 11.Be3 Qa5 12.Qc2 b5 13.dxe5 Nxe5 14.Nxe5 dxe5 15.cxb5 cxb5
16.Bc5 b4 17.Na4 Bb7 18.a3 bxa3 19.Nb6 Rad8 20.b4 Qb5 21.Rxa3 Bh6 22.Nc4 Re6
23.Re1 Bf8 24.Ra5 Qe8 25.Qb2 Nd7 26.Bxf8 Qxf8 27.Rd1 Nf6 28.Rxd8 Qxd8 29.Rxe5 Bxe4
30.Rxe6 fxe6 31.Qe5 Bxg2 32.Qxe6+ Kg7 33.Kxg2 Qd5+ 34.Qxd5 Nxd5 35.Kf3 Nxb4
36.Ke4 Kf6 37.f4 Nc6 38.Kd5 Ne7+ 39.Kc5 Nf5 40.g4 Ng7 41.Kd4 Ne6+ 42.Ke4 Nc5+
43.Kd4 Ne6+ 44.Ke4 Nc5+ 45.Kd4 Nb7 46.Kd5 Nd8 47.Nd6 Ne6 48.Ne4+ Ke7 49.Ke5 a5
50.f5 gxf5 51.gxf5 Nd8  1/2-1/2

[Event "Yerevan op"]
[Site "Yerevan"]
[Date "1996.??.??"]
[Round "9"]
[White "Tukmakov, Vladimir B"]
[Black "Yuneev, Alexey"]
[Result "1/2-1/2"]
[WhiteElo "2595"]
[BlackElo "2415"]

1.d4 Nf6 2.Nf3 g6 3.c4 Bg7 4.g3 O-O 5.Bg2 d6 6.O-O Nbd7 7.Nc3 e5 8.e4 c6
9.b3 exd4 10.Nxd4 Nc5 11.f3 Qa5 12.Bd2 Nfxe4 13.Nxe4 Bxd4+ 14.Kh1 Qb6 15.Nxd6 Nd3
16.Bg5 Nf2+ 17.Rxf2 Bxf2 18.Bf6 Be6 19.Ne4 Rfd8 20.Bxd8 Rxd8  1/2-1/2

[Event "Yerevan ol (Women)"]
[Site "Yerevan"]
[Date "1996.??.??"]
[Round "9"]
[White "Gurieli, Nino"]
[Black "Dworakowska, Joanna"]
[Result "1/2-1/2"]
[WhiteElo "2370"]
[BlackElo "2295"]

1.d4 Nf6 2.Nf3 g6 3.c4 Bg7 4.g3 O-O 5.Bg2 d6 6.Nc3 Nbd7 7.O-O e5 8.h3 c6
9.e4 Qb6 10.d5 Nc5 11.Re1 cxd5 12.cxd5 Bd7 13.Bf1 Rfc8 14.Nd2 Ne8 15.Nc4 Qd8
16.b4 Na6 17.Qb3 Rc7 18.a4 Bf6 19.Nb5 Rcc8 20.Be3 Bxb5 21.axb5 Nac7 22.Na5 Rcb8
23.b6 axb6 24.Bxb6 Qd7 25.b5 Bd8 26.Rec1 Nf6 27.Bxc7 Bxc7 28.b6 Bd8 29.Nc6 Rc8
30.Rxa8 Rxa8 31.Nxd8 Qxd8 32.Qb4 Ne8 33.Kg2 Ra2 34.Bc4 Qg5 35.Bxa2 Qxc1 36.Bc4 Nf6
37.Ba6 Qc2 38.Bxb7 Nxe4 39.Qe1 Nc5 40.Bc6 Qb2 41.b7 Nxb7 42.Bxb7 Qxb7 43.Qa5 Kg7
44.g4 Qb2 45.Qd8 Qb4 46.g5 Qe4+ 47.Kg1 Qf4 48.Qxd6 Qxg5+ 49.Kf1 Qf5 50.Ke2 h5
51.f3 h4 52.Ke3 Qf4+ 53.Ke2 g5 54.Qd8 e4 55.fxe4 g4 56.Qxh4 Qxe4+ 57.Kf2 Qf3+
58.Kg1 g3 59.Qg5+ Kh7  1/2-1/2

[Event "Yerevan ol (Men)"]
[Site "Yerevan"]
[Date "1996.??.??"]
[Round "9"]
[White "Huebner, Robert"]
[Black "Damljanovic, Branko"]
[Result "1/2-1/2"]
[WhiteElo "2595"]
[BlackElo "2470"]

1.d4 Nf6 2.Nf3 g6 3.g3 Bg7 4.Bg2 O-O 5.c4 d6 6.O-O c6 7.b3 e5 8.dxe5 dxe5
9.Ba3 Qxd1 10.Rxd1 Re8 11.Nc3 Na6 12.Rac1 Bg4 13.h3 Bxf3 14.exf3 Rad8 15.Ne2 h5
16.h4 Bh6 17.Rb1 Bf8 18.Bb2 Rxd1+ 19.Rxd1 Nc5 20.Bh3 Bg7 21.Bc1 e4 22.fxe4 Ncxe4
23.Be3 a6 24.Bb6 Bf8 25.Nf4 Bc5 26.Bxc5 Nxc5 27.b4 Na4 28.a3 Kg7 29.Bf1 a5
30.Rb1 axb4 31.axb4 Nb6 32.Ra1 Ra8 33.Rxa8 Nxa8 34.Bg2 Nc7 35.Nd3 Nd7 36.Bf3 f5
37.Bg2 Kf7 38.f4 Ke7 39.Kf2 Kd6 40.Ke3 b6 41.Bf3  1/2-1/2

[Event "Yerevan ol (Men)"]
[Site "Yerevan"]
[Date "1996.??.??"]
[Round "10"]
[White "Silveirinha, Jose Antonio C"]
[Black "Denny, Kevin"]
[Result "0-1"]
[WhiteElo "2200"]
[BlackElo "2240"]

1.d4 Nf6 2.c4 g6 3.Nf3 Bg7 4.g3 O-O 5.Bg2 d6 6.Nc3 c6 7.O-O Qa5 8.e4 Bg4
9.h3 Bxf3 10.Bxf3 e5 11.d5 cxd5 12.Nxd5 Nxd5 13.Qxd5 Qxd5 14.exd5 Nd7 15.Rb1 Rac8
16.Be2 e4 17.Be3 b6 18.Kg2 f5 19.Rfc1 Be5 20.Rc2 h5 21.f4 exf3+ 22.Bxf3 f4
23.gxf4 Bxf4 24.Bf2 Ne5 25.Be2 Rc7 26.b4 Nd7 27.a4 Rfc8 28.Rd1 Be5 29.Bd3 Nf6
30.Re2 Rxc4 31.Bxc4 Rxc4 32.Rxe5 dxe5 33.d6 Nd7 34.a5 Rxb4 35.axb6 axb6 36.Rc1 Kf7
37.Be3 Ke6 38.Rd1 Rb2+ 39.Kf3 Kf5 40.Rd5 Rb3 41.Rd2 h4 42.Rg2 Rd3 43.Rg5+ Kf6
44.Rg4 Rxd6 45.Rxh4 Rd3 46.Ke2 Rb3 47.Rh7 Nf8 48.Rb7 b5 49.h4 Ne6 50.Rb6 Kf5
51.Rd6 Rb4 52.Bf2 Nf4+ 53.Kd1 Rb2 54.Bb6 Rh2 55.Bd8 b4 56.Rb6 Nd3 57.Rf6+ Ke4
58.Rxg6 b3 59.Rb6 b2 60.Bg5 Rh1+  0-1

[Event "Yerevan ol (Women)"]
[Site "Yerevan"]
[Date "1996.??.??"]
[Round "10"]
[White "Petek Medic, Mirjana"]
[Black "Berezina, Irina"]
[Result "1/2-1/2"]
[WhiteElo "2315"]
[BlackElo "2235"]

1.d4 Nf6 2.Nf3 g6 3.g3 Bg7 4.Bg2 d6 5.c4 O-O 6.O-O Nc6 7.d5 Na5 8.Nfd2 c5
9.Nc3 a6 10.Rb1 Rb8 11.b3 b5 12.Bb2 Bh6 13.f4 bxc4 14.bxc4 Ng4 15.Rf3 Bg7
16.Qe1 Bd4+ 17.e3 Rxb2 18.exd4 Rxb1 19.Qxb1 cxd4 20.Ne2 Qc7 21.Qd3 e5 22.dxe6 Bxe6
23.h3 Ne3 24.Nxd4 Nexc4 25.Nxe6 fxe6 26.Nb3 Rb8 27.Qe2 Qb6+  1/2-1/2

[Event "Yerevan ol (Men)"]
[Site "Yerevan"]
[Date "1996.??.??"]
[Round "10"]
[White "Baburin, Alexander"]
[Black "Leitao, Rafael"]
[Result "1/2-1/2"]
[WhiteElo "2545"]
[BlackElo "2475"]

1.d4 Nf6 2.c4 g6 3.Nf3 Bg7 4.g3 O-O 5.Bg2 d6 6.O-O c5 7.Nc3 Nc6 8.d5 Na5
9.Nd2 e5 10.e4 Ng4 11.b3 f5 12.exf5 gxf5 13.Bb2 e4 14.h3 Ne5 15.Rb1 Nd3 16.Ba1 a6
17.Qe2 b5 18.f3 exf3 19.Qxd3 fxg2 20.Kxg2 Ra7 21.Ne2 Bxa1 22.Rxa1 Rg7 23.Nf4 Qg5
24.Kh2 Nb7 25.Rg1 Bd7 26.Rae1 Nd8 27.Nf3 Qh6 28.Re3 Rff7 29.Rge1 b4 30.Qd2 Rf8
31.Re7 Rxe7 32.Rxe7 Rf7 33.Qe2 Qf8 34.Re3 Qg7 35.h4 h6 36.h5 Qg4 37.Nh4 Qxe2+
38.Rxe2 a5 39.Nhg6 Nb7 40.Kg2 a4 41.Kf2 Na5 42.Re3 Rf6 43.Ke1 Rf7 44.Kd2 Rf6
45.Kc2 Rf7 46.Kb2 Rf6 47.Kc2 Rf7 48.Ne6 Nb7 49.Rf3 Rf6 50.Rxf5 Kf7 51.Nh8+ Ke7
52.Ng6+ Kf7 53.Rxf6+ Kxf6 54.bxa4 Bxa4+ 55.Kd3 Bd1 56.Ngf4 Na5 57.Nc7 Bg4
58.Ne8+  1/2-1/2

[Event "Yerevan ol (Women)"]
[Site "Yerevan"]
[Date "1996.??.??"]
[Round "10"]
[White "Litinskaya, Marta I"]
[Black "Tsifanskaya, Ludmila A"]
[Result "0-1"]
[WhiteElo "2345"]
[BlackElo "2230"]

1.d4 Nf6 2.c4 g6 3.Nf3 Bg7 4.g3 O-O 5.Bg2 d6 6.O-O Nbd7 7.Nc3 e5 8.e4 a6
9.h3 exd4 10.Nxd4 Re8 11.Be3 Rb8 12.Rc1 Ne5 13.Nd5 c5 14.Ne2 Nxd5 15.cxd5 b5
16.b3 f5 17.exf5 Bxf5 18.Nf4 Kh8 19.g4 Bd7 20.Nd3 b4 21.Nxe5 Bxe5 22.Qd2 Bb5
23.Rfd1 Qf6 24.Bg5 Qf7 25.Be3 Bg7 26.Rc2 Rb7 27.Qc1 Rbe7 28.Kh1 Qf8 29.a4 bxa3
30.Qxa3 Rxe3 31.fxe3 Rxe3 32.Qc1 Rxb3 33.Re1 Bd3 34.Ra2 Be5 35.Qd2 Bb5 36.Qg5 Bg3
37.Rea1 Kg7 38.Qd2 Be5 39.Rd1 Rd3 40.Qc1 c4 41.Rf1 Qe7 42.Raf2 c3 43.g5 Rg3
44.Rf7+ Qxf7 45.Rxf7+ Kxf7 46.h4 Rg4 47.Qe1 Rf4 48.Bh3 c2 49.Qe3 Kg7 50.Qa7+ Rf7
51.Qe3 Bb2  0-1

[Event "Yerevan ol (Men)"]
[Site "Yerevan"]
[Date "1996.??.??"]
[Round "11"]
[White "Garcia, Raul"]
[Black "Hakki, Imad"]
[Result "1-0"]
[WhiteElo "2285"]
[BlackElo "2380"]

1.d4 Nf6 2.Nf3 g6 3.c4 Bg7 4.g3 O-O 5.Bg2 d6 6.O-O Nbd7 7.Qc2 e5 8.Rd1 Re8
9.Nc3 c6 10.e4 exd4 11.Nxd4 Qe7 12.Rb1 a5 13.f3 Nc5 14.Be3 Nfd7 15.Bf2 Ne5
16.b3 h5 17.a3 h4 18.Bf1 hxg3 19.hxg3 f5 20.exf5 Bxf5 21.Nxf5 gxf5 22.Bg2 Rf8
23.Ne2 Ne6 24.Qd2 Rad8 25.Bb6 Rd7 26.Bxa5 f4 27.Nxf4 Bh6 28.Qc2 Bxf4 29.gxf4 Nxf4
30.Bc3 Qg5 31.Bxe5 Qxe5 32.Re1 Qg5 33.Re4 Rg7 34.Rb2 Nh3+ 35.Kf1 Rxf3+ 36.Bxf3 Qg1+
37.Ke2 Qf2+ 38.Kd3 Qxf3+ 39.Re3 Nf4+ 40.Kd4 c5+  1-0

[Event "Yerevan ol (Men)"]
[Site "Yerevan"]
[Date "1996.??.??"]
[Round "11"]
[White "Rasmussen, Rogvi W"]
[Black "Yasseen, Aly"]
[Result "0-1"]
[WhiteElo "2100"]
[BlackElo "2350"]

1.d4 Nf6 2.c4 g6 3.g3 Bg7 4.Bg2 d6 5.Nf3 O-O 6.O-O Nbd7 7.Nc3 e5 8.h3 Re8
9.e4 exd4 10.Nxd4 Nc5 11.Re1 a5 12.b3 c6 13.Bb2 Qb6 14.Qc2 a4 15.Rad1 axb3
16.axb3 Nfd7 17.Nce2 Ne5 18.Nc1 Rf8 19.Kh2 Ne6 20.Nxe6 fxe6 21.f4 Nf7 22.Bxg7 Kxg7
23.Nd3 Kg8 24.c5 dxc5 25.e5 Nh6 26.Nxc5 Nf5 27.Qc4 Ra2 28.h4 Kh8 29.Kh3 Rf2
30.Rd3 Qa7 31.Nxe6 Ng7 32.f5 R8xf5 33.g4 Bxe6 34.Qb4 Rf8 35.Rf1 Rxf1 36.Bxf1 Qf2
37.Bg2 h5 38.Qc4 Bxg4+ 39.Kh2 Bf5  0-1

[Event "Yerevan ol (Women)"]
[Site "Yerevan"]
[Date "1996.??.??"]
[Round "13"]
[White "Guindy, Esmat"]
[Black "Johansson, Victoria"]
[Result "1-0"]
[WhiteElo "2095"]
[BlackElo "2130"]

1.d4 Nf6 2.c4 g6 3.g3 Bg7 4.Bg2 O-O 5.Nf3 d6 6.O-O Nbd7 7.Nc3 e5 8.e4 c6
9.h3 exd4 10.Nxd4 Qa5 11.Re1 Ne5 12.Bf1 Re8 13.Kh2 Be6 14.Nxe6 Rxe6 15.f4 Ned7
16.Qc2 Rae8 17.Bd2 Qc7 18.Bg2 Nb6 19.b3 d5 20.e5 Nfd7 21.cxd5 cxd5 22.Rac1 Rc8
23.Qb1 Qd8 24.Nb5 Rxc1 25.Rxc1 f6 26.Nc7 Rc6 27.Nxd5 Rxc1 28.Qxc1 fxe5 29.Ba5 exf4
30.Qxf4 Be5 31.Qg4 Qe8 32.Nxb6 axb6 33.Qc4+ Kg7 34.Bc3 Nf6 35.Bxe5 Qxe5 36.Bxb7 h5
37.Qf4 Qc5 38.Bg2 g5 39.Qb8 h4 40.gxh4 gxh4 41.Qf4 Nh5 42.Qxh4 Qe5+ 43.Kg1 Ng3
44.Qg4+ Kh8 45.Kf2 Nf5 46.Qe4 Qc5+ 47.Kf3 Nd4+ 48.Kf4 Qc1+ 49.Qe3 Ne6+ 50.Kf3 Qd1+
51.Kf2 Nc5 52.Qe5+ Kh7 53.Be4+  1-0

[Event "Zadar op"]
[Site "Zadar"]
[Date "1996.??.??"]
[Round "?"]
[White "Dizdar, Goran"]
[Black "Ljubicic, Filip"]
[Result "1/2-1/2"]
[WhiteElo "2525"]
[BlackElo "2360"]

1.d4 Nf6 2.Nf3 g6 3.c4 Bg7 4.g3 O-O 5.Bg2 d6 6.O-O Nbd7 7.Nc3 e5 8.e4 c6
9.h3 Qe7 10.Bg5 h6 11.Be3 exd4 12.Nxd4 Nc5 13.Qc2 a5 14.Rfe1 Re8 15.b3 Bd7
16.Rad1 g5 17.Nf5 Bxf5 18.exf5 Nfd7 19.Re2 Qf6 20.Bd4 Rxe2 21.Nxe2 Qe7 22.Bxg7 Kxg7
23.a3 Nf6 24.Nc3 Qe5 25.b4 axb4 26.axb4 Ncd7 27.b5 Nb6 28.bxc6 bxc6 29.Ne4 Nxe4
30.Qxe4 Qxe4 31.Bxe4 Nxc4 32.Bxc6 Ra5 33.Bd5 Nb2 34.Rd2 Ra1+ 35.Kg2 Rd1 36.Rxb2 Rxd5
37.g4 h5 38.Rb7 h4 39.Re7 Rd3 40.Re8 Kf6 41.Re4 Rc3 42.Re8 d5 43.Rd8 Rd3
44.Rd7 d4 45.Rd5 Rd1 46.Kh2 d3 47.Kg2 d2 48.Kh2 Ke7 49.Kg2  1/2-1/2

[Event "Zalakaros op"]
[Site "Zalakaros"]
[Date "1996.??.??"]
[Round "1"]
[White "Horvath, Jozsef"]
[Black "Kaukal, Terezia"]
[Result "1-0"]
[WhiteElo "2505"]
[BlackElo "2150"]

1.d4 Nf6 2.Nf3 g6 3.c4 Bg7 4.g3 O-O 5.Bg2 d6 6.Nc3 Nc6 7.d5 Ne5 8.Nxe5 dxe5
9.O-O Ne8 10.Qb3 Kh8 11.Rd1 f5 12.c5 Nf6 13.Bd2 Bd7 14.c6 bxc6 15.dxc6 Be8
16.Bf4 Qc8 17.Bxe5 Rb8 18.Qa3 Rb6 19.Bd4 Bxc6 20.Bxb6 Bxg2 21.Bxa7 Bh3 22.f3 e5
23.Nd5 f4 24.Nxf6 Rxf6 25.Qe7 Rf8 26.Rac1 Qa6 27.Rxc7 Rg8 28.Rd8 Qf6 29.Qxf6 Bxf6
30.Rxg8+ Kxg8 31.b4  1-0

[Event "Zalakaros op"]
[Site "Zalakaros"]
[Date "1996.??.??"]
[Round "3"]
[White "Horvath, Jozsef"]
[Black "Lakos, Nikoletta"]
[Result "1-0"]
[WhiteElo "2505"]
[BlackElo "2225"]

1.d4 Nf6 2.Nf3 g6 3.c4 Bg7 4.g3 O-O 5.Bg2 d6 6.Nc3 Nc6 7.O-O a6 8.d5 Na5
9.Nd2 c5 10.Qc2 Rb8 11.b3 b5 12.Bb2 bxc4 13.bxc4 Bh6 14.f4 e5 15.Rab1 exf4
16.gxf4 Re8 17.Nce4 Nxe4 18.Nxe4 Rxb2 19.Qxb2 Bg7 20.Qb6 Nxc4 21.Qxd8 Rxd8
22.Rb8 Bd4+ 23.Kh1 Be3 24.f5 gxf5 25.Rxf5 Rf8 26.Rf3 Bg4 27.Rxf8+ Kxf8 28.Nxd6 Bxf3
29.Nxc4 Bxg2+ 30.Kxg2 Bf4 31.h3 Ke7 32.Kf3 Bb8 33.Kg4 Kf6 34.e4 h6 35.Kh5 Bf4
36.a4 Bg5 37.Kg4 Bc1 38.h4 Ke7 39.e5 Kd7 40.Kf5 Ke7 41.d6+ Ke8 42.e6 fxe6+
43.Kxe6  1-0

[Event "Zalakaros op"]
[Site "Zalakaros"]
[Date "1996.??.??"]
[Round "5"]
[White "Honsch, Pal"]
[Black "Nagy, A."]
[Result "0-1"]
[WhiteElo "2120"]
[BlackElo "2075"]

1.d4 Nf6 2.c4 g6 3.Nf3 Bg7 4.g3 O-O 5.Bg2 d6 6.Nc3 a6 7.O-O Nc6 8.Qc2 Nd7
9.Rd1 Rb8 10.b3 Nb4 11.Qd2 c5 12.d5 a5 13.Bb2 Na6 14.Nb5 Nf6 15.Nh4 Bd7 16.Bc3 b6
17.Na3 Nc7 18.Nc2 h6 19.Bxf6 exf6 20.e4 Kh7 21.Re1 Qc8 22.Ne3 b5 23.cxb5 Nxb5
24.Nc4 f5 25.Rac1 fxe4 26.Bxe4 Qa6 27.Bd3 a4 28.bxa4 Qxa4 29.Bc2 Qa7 30.Re7 Rbe8
31.Rce1 Qc7 32.Qd3 Rxe7 33.Rxe7 f5 34.Nb6 Qxb6 35.Rxd7 Nd4 36.Qe3 Nxc2 37.Qe6 Qb1+
38.Kg2 Ne1+ 39.Kh3 f4 40.Qxd6 Rg8 41.Qxf4 Nd3 42.Qf3 Qf1+ 43.Ng2 Ne5 44.Rxg7+ Rxg7  0-1

[Event "Zalakaros op"]
[Site "Zalakaros"]
[Date "1996.??.??"]
[Round "7"]
[White "Honsch, Pal"]
[Black "Fasser, Walter"]
[Result "0-1"]
[WhiteElo "2120"]
[BlackElo "2030"]

1.d4 Nf6 2.c4 d6 3.Nf3 g6 4.g3 Bg7 5.Bg2 O-O 6.Nc3 Nc6 7.O-O e5 8.dxe5 Nxe5
9.Nxe5 dxe5 10.Qc2 c6 11.e4 Bg4 12.h3 Be6 13.b3 Qe7 14.a4 Rfd8 15.a5 Qd7
16.Rd1 Qc7 17.Bd2 Rd7 18.Be3 Rxd1+ 19.Qxd1 Rd8 20.Qe2 b6 21.axb6 axb6 22.Ra6 Nd7
23.Qa2 Rb8 24.Ra7 Rb7 25.Ra8+ Bf8 26.Nd5 cxd5 27.cxd5 Nc5 28.Bxc5 bxc5 29.dxe6 fxe6
30.Bf1 Qc6 31.Kh2 Rf7 32.Ra5 Kg7 33.Qc2 Qd6 34.Kg2 Be7 35.Bc4 Bg5 36.Ra6 Qd2
37.Qxd2 Bxd2 38.Rxe6 Bc3 39.Rc6 Rf8 40.Rc7+ Kh6 41.Bf7 Bd4 42.f4 Kg7 43.Bd5+ Kh8
44.Bf7 Kg7 45.Be6+ Kf6 46.f5 gxf5 47.exf5 e4 48.Rxh7 Ra8 49.h4 Ra2+ 50.Kh3 e3
51.g4 Ke5 52.Bc4 Kf4 53.f6 Rf2 54.f7 Rf3+ 55.Kh2 Rf2+ 56.Kg1 Kxg4 57.Be2+ Kh3
58.Bf1+ Kg3 59.f8=Q Rxf8 60.Be2 Kh3 61.Ra7 Kxh4 62.Ra2 Rf2 63.Rc2 Kg3 64.Ra2 Bc3
65.Rc2 Bd2 66.Bd3 e2  0-1

[Event "Zaragoza op"]
[Site "Zaragoza"]
[Date "1996.??.??"]
[Round "2"]
[White "Komljenovic, Davor"]
[Black "Hernandez, Gilberto"]
[Result "1-0"]
[WhiteElo "2475"]
[BlackElo "2555"]

1.d4 Nf6 2.c4 g6 3.Nf3 Bg7 4.g3 O-O 5.Bg2 d6 6.O-O Nbd7 7.Nc3 e5 8.e4 c6
9.h3 Qb6 10.c5 dxc5 11.dxe5 Ne8 12.e6 fxe6 13.Ng5 Ne5 14.f4 Nf7 15.Nxf7 Bd4+
16.Kh2 Rxf7 17.e5 Nc7 18.Ne4 Nd5 19.a4 a5 20.Ra3 Qd8 21.h4 b6 22.h5 Rg7 23.Bh3 Qe7
24.Rh1 Bd7 25.Bf1 gxh5 26.Qxh5 Be8 27.Qh6 Bg6 28.Ng5 Rf8 29.Bh3 Nc7 30.Rd1 Bf5
31.Bxf5 Rxf5 32.g4 Rf8 33.Rh3 Rxg5 34.Qxg5+ Qxg5 35.fxg5 Bxe5+ 36.Kg2 Bd4
37.Rf1 Rxf1 38.Kxf1 c4 39.Ke2 b5 40.Kd1 Kg7 41.Rh6 b4 42.Kc2 b3+ 43.Kb1 Nd5
44.Bd2 Nb6 45.Rxe6 Nxa4 46.Rxc6 Nxb2 47.Bxa5 Kf7 48.Bb4 Be5 49.Ba3 c3 50.Bxb2 cxb2
51.Rb6 Bd4 52.Rxb3 Kg6 53.Rb5 Bc3 54.Kc2 Bh8 55.Kd3 Bg7 56.Ke3 Bc3 57.Ke4 Bg7
58.Kf4 Bd4 59.Rb3 Bc5 60.Rxb2 Bd6+ 61.Kf3 Bc7 62.Rc2 Bd8 63.Rc5 Bxg5 64.Rc6+ Bf6
65.Kf4 Kg7 66.Kf5 Bd4 67.Rc7+ Kg8 68.Rd7 Bb2 69.Kg5 Bc1+ 70.Kh5 Be3 71.Rb7 Bf4
72.Kh4 Be3 73.Kg3 Bd2 74.Kf3 Bg5 75.Ke4 Bf6 76.Kf5 Bd4 77.Rd7 Bb2 78.Rd2 Bc1
79.Rd1 Ba3 80.Rd3 Bb2 81.Rb3 Bd4 82.Kg5 Ba1 83.Rb8+ Kg7 84.Rb7+ Kg8 85.Kf5 Bd4
86.Rc7 Bb2 87.Kg5 Ba3 88.Rc3 Bb4 89.Rc8+ Kg7 90.Rc7+  1-0

[Event "Zaragoza op"]
[Site "Zaragoza"]
[Date "1996.??.??"]
[Round "5"]
[White "Kurajica, Bojan"]
[Black "Gamundi, Antonio"]
[Result "1-0"]
[WhiteElo "2505"]
[BlackElo "2395"]

1.d4 Nf6 2.Nf3 g6 3.c4 Bg7 4.g3 O-O 5.Bg2 d6 6.O-O Nbd7 7.Nc3 e5 8.e4 c6
9.b3 exd4 10.Nxd4 Nc5 11.h3 Re8 12.Re1 a5 13.Bf4 Nh5 14.Be3 Nf6 15.Qc2 Nfd7
16.Rad1 Qe7 17.Re2 Ne5 18.f4 Ned7 19.Bf2 h5 20.Nf3 Qf8 21.Nh4 Bf6 22.Red2 Be7
23.Kh2 Qh6 24.Nf3 Ne6 25.Rxd6 Bxd6 26.Rxd6 Ndf8 27.Qd2 Ng7 28.Na4 Be6 29.Nb6 Rab8
30.Qxa5 f5 31.e5 h4 32.Nxh4 g5 33.fxg5 Qxg5 34.Nf3 Qc1 35.Qc5 Bf7 36.Nd7 Nxd7
37.Rxd7 Ne6 38.Qe3 Qxe3 39.Bxe3 Red8 40.Rd6 Rxd6 41.exd6 c5 42.Ne5 b6 43.Nc6  1-0

[Event "Zaragoza op"]
[Site "Zaragoza"]
[Date "1996.??.??"]
[Round "5"]
[White "Strikovic, Aleksa"]
[Black "Brito, Alfredo"]
[Result "1-0"]
[WhiteElo "2520"]
[BlackElo "2350"]

1.Nf3 Nf6 2.c4 g6 3.g3 Bg7 4.d4 O-O 5.Bg2 d6 6.O-O a6 7.Nc3 Nc6 8.d5 Na5
9.Nd2 c5 10.Qc2 e5 11.a3 b6 12.b4 Nb7 13.Rb1 Bd7 14.a4 Bf5 15.e4 Bd7 16.Ba3 Qc7
17.a5 bxa5 18.b5 Nh5 19.Rb2 axb5 20.cxb5 f5 21.b6 Qd8 22.exf5 gxf5 23.Nc4 Qe8
24.Re1 e4 25.Rbb1 Qf7 26.Red1 Rae8 27.Bc1 Qg6 28.Ne2 Bh6 29.Bxh6 Qxh6 30.Nc3 Nf6
31.Qd2 f4 32.Qxf4 Qxf4 33.gxf4 Rf7 34.Nb5 Rg7 35.Nc7 Bh3 36.Ne3 Ree7 37.Ne6 Bxe6
38.dxe6 Rxe6 39.Kh1 Nd7 40.Nd5 Nf6 41.Nxf6+ Rxf6 42.Bxe4 Rxf4 43.Bd5+ Kf8
44.Rg1 Rgf7 45.Rb3 c4 46.Rbg3 Nc5 47.Rg8+ Ke7 48.Rc8 Rxf2 49.Rc7+ Kf8 50.Bxc4 Rd7
51.Rg8+ Ke7 52.Bb5 Kf7 53.Rd8 Rb2 54.Bxd7 Rxb6 55.Bc6+ Ke6 56.Rg8 Kf6 57.Bd5  1-0

[Event "RUS-Cup4"]
[Site "Perm"]
[Date "1997.02.14"]
[Round "7"]
[White "Nikolaidis, Ioannis"]
[Black "Frolov, Denis"]
[Result "1/2-1/2"]
[WhiteElo "2565"]
[BlackElo "2330"]

1.d4 Nf6 2.c4 g6 3.Nf3 Bg7 4.g3 d6 5.Bg2 O-O 6.O-O Nbd7 7.Qc2 e5 8.Rd1 Re8
9.dxe5 dxe5 10.e4 c6 11.b3 Qc7 12.Ba3 Bf8 13.c5 b6 14.cxb6 axb6 15.Bxf8 Nxf8
16.h3 Ba6 17.Nc3 Ne6 18.Rd2 Rac8 19.Re1 Kf8 20.Qc1 Kg7 21.b4 c5 22.Nd5 Nxd5
23.exd5 Nd4 24.Nxd4 cxd4 25.Qxc7 Rxc7 26.d6 Ra7 27.d7 Rd8 28.b5 Bxb5 29.Rxe5 Ba4
30.Rxd4  1/2-1/2

[Event "Passau op"]
[Site "Passau"]
[Date "1997.03.30"]
[Round "6"]
[White "Cvitan, Ognjen"]
[Black "Jansa, Vlastimil"]
[Result "1-0"]
[WhiteElo "2550"]
[BlackElo "2490"]

1.d4 Nf6 2.c4 g6 3.Nf3 Bg7 4.g3 O-O 5.Bg2 d6 6.O-O c6 7.Nc3 Bf5 8.b3 Ne4
9.Bb2 Nxc3 10.Bxc3 Be4 11.e3 e6 12.Qe2 Nd7 13.Rfd1 d5 14.Bf1 Bxf3 15.Qxf3 a5
16.a4 Re8 17.Rab1 Ra7 18.Bd2 Ra8 19.Be1 Qc7 20.Rdc1 Qd8 21.cxd5 exd5 22.b4 axb4
23.Rxb4 Ra7 24.a5 Bf8 25.Rb3 Qa8 26.Bd3 Bg7 27.Rcb1 Nf6 28.Bb4 Ne4 29.Bxe4 dxe4
30.Qf4 Bf8 31.Bc3 Re6 32.d5 Bd6 33.Qh6 Bf8 34.Qh4 Be7 35.Qh3 cxd5 36.Bd4 f5
37.Bxa7 Qxa7 38.Rxb7 Qc5 39.R7b6 Bd6 40.a6 Qa3 41.Qf1 d4 42.Ra1 Qc5 43.a7  1-0

[Event "FRA-chT9697 final"]
[Site "Clichy"]
[Date "1997.05.02"]
[Round "9"]
[White "David, Vincent"]
[Black "Vallet, Marc"]
[Result "1/2-1/2"]
[WhiteElo "2220"]
[BlackElo "2225"]

1.d4 Nf6 2.c4 g6 3.Nf3 Bg7 4.g3 O-O 5.Bg2 d6 6.O-O Nbd7 7.Nc3 e5 8.h3 a6
9.e4 exd4 10.Nxd4 Re8 11.Re1 Rb8 12.Rb1 Ne5 13.b3 Bd7 14.Bb2 Qc8 15.Kh2 h5
16.f4 Nc6 17.Nd5 Nxd5 18.cxd5 Ne7 19.Qd2 c6 20.dxc6 bxc6 21.Rbc1 Qb7 22.Nf3 Rbd8
23.Bxg7 Kxg7 24.Qd4+ f6 25.e5 fxe5 26.fxe5 Nf5 27.Qb2 dxe5 28.Rxe5 Kg8 29.Rce1 Qc7
30.Qc3 Rxe5 31.Nxe5 Be8 32.Re4 Kh7 33.Qe1 Bf7 34.Nxf7 Qxf7 35.g4 Qc7+ 36.Kg1 Qb6+
37.Kh1 Ng7 38.Kh2 Rd7 39.Qe3 Qc7+ 40.Qg3 Qxg3+ 41.Kxg3 Rd3+ 42.Bf3 c5 43.Re5 Rd2
44.Be4 Rxa2 45.gxh5 Ra3 46.hxg6+ Kh6 47.Rxc5 Rxb3+ 48.Kg4 Rb4 49.Kf3 Ne6
50.Re5  1/2-1/2

[Event "RUS-Cup7"]
[Site "Kstovo"]
[Date "1997.05.09"]
[Round "8"]
[White "Doroshkievich, Vladimir K"]
[Black "Zagrebelny, Sergey"]
[Result "1-0"]
[WhiteElo "2385"]
[BlackElo "2480"]

1.d4 Nf6 2.c4 g6 3.Nf3 Bg7 4.g3 O-O 5.Bg2 d6 6.O-O Nbd7 7.Qc2 e5 8.Rd1 Qe7
9.Nc3 c6 10.e4 Ne8 11.b3 f5 12.exf5 gxf5 13.dxe5 dxe5 14.Bb2 Nc7 15.Nh4 e4
16.f3 Ne5 17.Ne2 exf3 18.Nxf3 Ng4 19.Rd3 Qc5+ 20.Bd4 Bxd4+ 21.Nexd4 f4 22.Qd2 a5
23.h3 Bf5 24.hxg4 Bxd3 25.Qxd3 fxg3 26.Re1 Rae8 27.Rxe8 Nxe8 28.Kh1 Ng7 29.Qe4 Qd6
30.Nf5 Nxf5 31.gxf5 Qd1+ 32.Ng1 Qh5+ 33.Bh3 Re8 34.Qf4 Kf7 35.Qxg3 Qh6 36.Qc7+ Re7
37.Qxa5 Qe3 38.Qd8 Qe4+ 39.Kh2 Qc2+ 40.Kh1 Qe4+ 41.Kh2 Qc2+ 42.Kg3 Qxa2 43.Nf3 Qxb3
44.Qh8 Qd3 45.Qxh7+ Kf8 46.Qh8+ Kf7 47.Bg4 Re3 48.Bh5+ Ke7 49.f6+ Kd7 50.Qg7+  1-0

[Event "RUS-Cup7"]
[Site "Kstovo"]
[Date "1997.05.10"]
[Round "9"]
[White "Burmakin, Vladimir"]
[Black "Lobzhanidze, Davit"]
[Result "1-0"]
[WhiteElo "2530"]
[BlackElo "2375"]

1.d4 Nf6 2.Nf3 g6 3.c4 Bg7 4.g3 O-O 5.Bg2 d6 6.O-O Nc6 7.d5 Na5 8.Nfd2 c5
9.a3 b6 10.b4 Nb7 11.Bb2 e5 12.dxe6 fxe6 13.Qb3 Qe7 14.Nc3 Rb8 15.Rad1 cxb4
16.axb4 a5 17.Nce4 Ne8 18.Bxg7 Kxg7 19.Qc3+ Kg8 20.Nb3 axb4 21.Qxb4 Nc5 22.Nbxc5 dxc5
23.Qa4 Nf6 24.Nd6 Rd8 25.Nb5 e5 26.Na7 Bd7 27.Nc6 Bxc6 28.Qxc6 Kg7 29.Rxd8 Qxd8
30.Ra1 Qe7 31.Ra6 e4 32.Rxb6 Rxb6 33.Qxb6 Qe5 34.Qa7+ Kg8 35.Bh3 h5 36.Qa6 Kg7
37.Qe6 Qd4 38.Kg2 Kh6 39.e3 Qd8 40.Qe5 Qf8 41.Kg1 h4 42.gxh4 Qd8 43.Kg2 Qf8
44.h5 Nxh5 45.Qxe4 Nf6 46.Qf4+ Kg7 47.Bg4 Qe7 48.Bf3  1-0